[Event "Czech Open GM 2019"]
[Site "Pardubice"]
[Date "2019.07.25"]
[Round "7.44"]
[White "Arpita, Mukherjee"]
[Black "Krishna Teja, N."]
[Result "1/2-1/2"]
[WhiteElo "2248"]
[BlackElo "2368"]
[Annotator "NA"]
[PlyCount "71"]
[EventDate "2019.07.19"]
[EventType "swiss"]
[EventCountry "CZE"]
[SourceTitle "playchess.com"]
[Source "ChessBase"]
[SourceQuality "1"]

1. e4 c6 2. d4 d5 3. e5 c5 4. dxc5 e6 5. Nf3 Bxc5 6. a3 Ne7 7. b4 Bb6 8. Bd3 a5 9. b5 Nd7 10. O-O Ng6 11. Bb2 Qc7 12. Re1 a4 13. Nbd2 Nc5 14. Bxg6 hxg6 15. Qe2 Bd7 16. c4 dxc4 17. Qxc4 Rc8 18. Rac1 Qd8 19. Qe2 O-O 20. Red1 Qe8 21. Nd4 Ba5 22. N2f3 f5 23. h4 Ne4 24. Rxc8 Qxc8 25. Rc1 Qb8 26. Qc4 Rc8 27. Qxa4 Rxc1+ 28. Bxc1 Qc7 29. Bb2 Nc3 30. Qb3 Nd5 31. h5 Bb6 32. hxg6 Bxd4 33. Bxd4 Qc1+ 34. Kh2 Qh6+ 35. Kg1 Qc1+ 36. Kh2 1/2-1/2

[Event "Czech Open GM 2019"]
[Site "Pardubice"]
[Date "2019.07.25"]
[Round "7.45"]
[White "Colpe, Malte"]
[Black "Smid, Miroslav"]
[Result "1/2-1/2"]
[WhiteElo "2367"]
[BlackElo "2251"]
[Annotator "TA"]
[PlyCount "52"]
[EventDate "2019.07.19"]
[EventType "swiss"]
[EventCountry "CZE"]
[SourceTitle "playchess.com"]
[Source "ChessBase"]
[SourceQuality "1"]

1. d4 d5 2. c4 e5 3. dxe5 d4 4. Nf3 Nc6 5. a3 Nge7 6. Nbd2 Ng6 7. Nb3 Ngxe5 8. Nxe5 Nxe5 9. Qxd4 Qxd4 10. Nxd4 Nxc4 11. e4 Nd6 12. e5 c5 13. exd6 cxd4 14. Bf4 Bf5 15. Bb5+ Bd7 16. Bxd7+ Kxd7 17. O-O-O Rc8+ 18. Kb1 Rc4 19. b3 Rc3 20. Kb2 Rc5 21. Rhe1 Rd5 22. Re5 Rxe5 23. Bxe5 Ke6 24. Bxd4 Bxd6 25. Re1+ Kd7 26. Rd1 Ke6 1/2-1/2

[Event "Czech Open GM 2019"]
[Site "Pardubice"]
[Date "2019.07.25"]
[Round "7.46"]
[White "Skliarov, Viktor"]
[Black "Suta, Andraz"]
[Result "1-0"]
[WhiteElo "2360"]
[BlackElo "2251"]
[Annotator "NA"]
[PlyCount "117"]
[EventDate "2019.07.19"]
[EventType "swiss"]
[EventCountry "CZE"]
[SourceTitle "playchess.com"]
[Source "ChessBase"]
[SourceQuality "1"]

1. e4 e5 2. Nc3 Nc6 3. Bc4 Nf6 4. d3 Na5 5. Nge2 Nxc4 6. dxc4 Bc5 7. O-O d6 8. Qd3 Be6 9. b3 O-O 10. Na4 a5 11. Nxc5 dxc5 12. Qe3 b6 13. Bb2 Ng4 14. Qf3 f6 15. Rad1 Qe7 16. Qg3 Rad8 17. Bc1 Rxd1 18. Rxd1 Rd8 19. Re1 f5 20. exf5 Bxf5 21. Nc3 Nf6 22. Rxe5 Qd6 23. h3 Bxc2 24. Bg5 Bg6 25. Bxf6 gxf6 26. Rd5 Qe7 27. h4 Kh8 28. h5 Rxd5 29. Nxd5 Qe1+ 30. Kh2 Bxh5 31. Nxf6 Bg6 32. Nd5 Kg8 33. Nxc7 Qd2 34. Nd5 Qh6+ 35. Qh3 Qxh3+ 36. Kxh3 Bb1 37. Nc3 Bc2 38. Kg4 Kf7 39. Kf4 Ke6 40. g4 Kd6 41. Ke3 Bg6 42. f4 h5 43. f5 Be8 44. gxh5 Bxh5 45. Kf4 Bf7 46. Ne4+ Ke7 47. Ke5 a4 48. Nc3 axb3 49. axb3 Kd7 50. Nd5 Kc6 51. Kf6 Bxd5 52. cxd5+ Kxd5 53. Ke7 b5 54. f6 c4 55. bxc4+ bxc4 56. f7 c3 57. f8=Q Kc4 58. Qf4+ Kb3 59. Qc1 1-0

[Event "Czech Open GM 2019"]
[Site "Pardubice"]
[Date "2019.07.25"]
[Round "7.47"]
[White "Parkhov, Yair"]
[Black "Radeva, Viktoria"]
[Result "1/2-1/2"]
[WhiteElo "2354"]
[BlackElo "2247"]
[Annotator "NA"]
[PlyCount "182"]
[EventDate "2019.07.19"]
[EventType "swiss"]
[EventCountry "CZE"]
[SourceTitle "playchess.com"]
[Source "ChessBase"]
[SourceQuality "1"]

1. c4 e6 2. g3 d5 3. Bg2 Nf6 4. d4 Bb4+ 5. Nc3 O-O 6. a3 Be7 7. Nf3 dxc4 8. Ne5 c5 9. dxc5 Qxd1+ 10. Nxd1 Bxc5 11. Be3 Nbd7 12. Nxc4 Nd5 13. Bxc5 Nxc5 14. Nde3 Nxe3 15. Nxe3 Nb3 16. Rd1 Rb8 17. Rd3 Nc5 18. Rc3 Na4 19. Rc2 Bd7 20. b3 Nb6 21. O-O Rfc8 22. Rfc1 Kf8 23. Kf1 Ke7 24. Ke1 Kd6 25. a4 a5 26. Rd1+ Ke7 27. Rxc8 Bxc8 28. Rc1 Kd6 29. Nd1 Bd7 30. Nc3 Bc6 31. Bxc6 bxc6 32. Ne4+ Kc7 33. Rc5 Nd5 34. Rxa5 Kb6 35. Rc5 f5 36. a5+ Kc7 37. Nd2 Rb5 38. Rxb5 cxb5 39. Nf3 Kb7 40. Nd4 Nc7 41. b4 g6 42. f4 Kc8 43. Kd2 Kd7 44. Nc2 Kd6 45. Kd3 Kd5 46. Ne3+ Kd6 47. Kd4 Na6 48. Nc2 Nb8 49. Kc3 Na6 50. Na3 Kc6 51. Nc2 Kd5 52. Kd3 Nb8 53. Nd4 Na6 54. Kc3 Nc7 55. Nb3 Na6 56. Nc1 Nb8 57. Nd3 Na6 58. Ne5 Nb8 59. Nd3 Na6 60. h3 Nc7 61. Nc5 Kc6 62. Kd4 Nd5 63. Nd3 Kd6 64. e4 fxe4 65. Kxe4 Nc3+ 66. Kd4 Ne2+ 67. Ke3 Nxg3 68. Nc5 Nf5+ 69. Ke4 Ne7 70. a6 Nc6 71. Nb3 Kc7 72. Nd4 Nxb4 73. Nxb5+ Kb8 74. Ke5 Nxa6 75. Nd4 Nc5 76. Nxe6 Nxe6 77. Kxe6 Kc8 78. Ke7 Kc7 79. h4 Kc6 80. Ke6 Kc7 81. Ke7 Kc6 82. Ke6 Kc7 83. Kf6 Kd6 84. Kg7 Ke6 85. Kh6 Kf6 86. Kxh7 Kf7 87. Kh8 Kf8 88. Kh7 Kf7 89. Kh6 Kf6 90. h5 gxh5 91. Kxh5 Kf5 1/2-1/2

[Event "Czech Open GM 2019"]
[Site "Pardubice"]
[Date "2019.07.25"]
[Round "7.48"]
[White "Polgar-Shutzman, Tom"]
[Black "Roshka, Yevgeniy"]
[Result "1/2-1/2"]
[WhiteElo "2241"]
[BlackElo "2353"]
[Annotator "TA"]
[PlyCount "64"]
[EventDate "2019.07.19"]
[EventType "swiss"]
[EventCountry "CZE"]
[SourceTitle "playchess.com"]
[Source "ChessBase"]
[SourceQuality "1"]

1. e4 g6 2. d4 Bg7 3. Nc3 d6 4. f4 a6 5. Nf3 b5 6. Bd3 Bb7 7. a4 b4 8. Ne2 Nd7 9. O-O c5 10. c3 bxc3 11. bxc3 cxd4 12. cxd4 Ngf6 13. e5 Nd5 14. Ng5 dxe5 15. fxe5 O-O 16. Rb1 Qc8 17. Be4 Rb8 18. Qd3 f5 19. Qh3 h5 20. Ne6 fxe4 21. Nxf8 Bxf8 22. Qe6+ Kh7 23. Ng3 Bg7 24. Nxe4 Qc6 25. Ng5+ Kh8 26. Rf7 Qc2 27. Rxg7 Qd1+ 28. Kf2 Qxd4+ 29. Kg3 Qd3+ 30. Kh4 Qd4+ 31. Kg3 Qd3+ 32. Kh4 Qd4+ 1/2-1/2

[Event "Czech Open GM 2019"]
[Site "Pardubice"]
[Date "2019.07.25"]
[Round "7.49"]
[White "Seger, Ruediger"]
[Black "Berdnyk, Mariia"]
[Result "1/2-1/2"]
[WhiteElo "2350"]
[BlackElo "2247"]
[Annotator "NA RC"]
[PlyCount "50"]
[EventDate "2019.07.19"]
[EventType "swiss"]
[EventCountry "CZE"]
[SourceTitle "playchess.com"]
[Source "ChessBase"]
[SourceQuality "1"]

1. e4 g6 2. d4 Bg7 3. Nf3 d6 4. c3 Nf6 5. Bd3 O-O 6. O-O Nc6 7. Re1 e5 8. h3 Re8 9. Na3 h6 10. Nc2 d5 11. Bb5 Nxe4 12. dxe5 a6 13. Ba4 b5 14. Bb3 Be6 15. Bf4 Na5 16. Ne3 Nxb3 17. axb3 c6 18. b4 a5 19. Nd4 Bd7 20. f3 Qh4 21. Ng4 Bxg4 22. hxg4 Qf2+ 23. Kh1 Qh4+ 24. Kg1 Qf2+ 25. Kh1 Qh4+ 1/2-1/2

[Event "Czech Open GM 2019"]
[Site "Pardubice"]
[Date "2019.07.25"]
[Round "7.50"]
[White "Ahn, Hongjin"]
[Black "Dobrovoljc, Vid"]
[Result "1-0"]
[WhiteElo "2177"]
[BlackElo "2334"]
[Annotator "NA"]
[PlyCount "71"]
[EventDate "2019.07.19"]
[EventType "swiss"]
[EventCountry "CZE"]
[SourceTitle "playchess.com"]
[Source "ChessBase"]
[SourceQuality "1"]

1. c4 Nf6 2. Nc3 g6 3. d4 Bg7 4. e4 d6 5. h3 O-O 6. Be3 Na6 7. g4 c5 8. Nf3 cxd4 9. Nxd4 b6 10. Bg2 Bb7 11. O-O Nc5 12. Qc2 Qc7 13. Rac1 Rac8 14. Rfd1 a6 15. g5 Nfd7 16. Nd5 Qd8 17. b4 e5 18. Ne2 Ne6 19. Qd2 Nd4 20. h4 Bxd5 21. cxd5 Nxe2+ 22. Qxe2 b5 23. Rxc8 Qxc8 24. Rc1 Qb7 25. Rc6 Nb8 26. Rxd6 Re8 27. Rb6 Qd7 28. Bc5 h6 29. h5 hxg5 30. hxg6 g4 31. gxf7+ Kxf7 32. Qe3 Qd8 33. Rb7+ Kg8 34. Qg3 Qg5 35. Be3 Qh5 36. Bf3 1-0

[Event "Czech Open GM 2019"]
[Site "Pardubice"]
[Date "2019.07.25"]
[Round "7.51"]
[White "Ludvik, Tomas"]
[Black "Simet, Martin"]
[Result "1-0"]
[WhiteElo "2334"]
[BlackElo "2244"]
[Annotator "NA"]
[PlyCount "67"]
[EventDate "2019.07.19"]
[EventType "swiss"]
[EventCountry "CZE"]
[SourceTitle "playchess.com"]
[Source "ChessBase"]
[SourceQuality "1"]

1. d4 Nf6 2. c4 e6 3. Nc3 Bb4 4. e3 O-O 5. Nge2 d5 6. a3 Be7 7. cxd5 exd5 8. Nf4 b6 9. Be2 Re8 10. O-O c6 11. b4 Bd6 12. b5 Bxf4 13. exf4 a6 14. bxc6 Nxc6 15. Be3 b5 16. Bf3 Na5 17. h3 Qd6 18. Qd3 Bb7 19. Rfb1 Rab8 20. Ne2 Nc4 21. f5 Nxe3 22. fxe3 Re7 23. Rb3 Nd7 24. a4 Bc6 25. a5 Rbe8 26. Qd2 Qf6 27. Rc1 Ba8 28. Rc7 Qh6 29. Qb4 Qg5 30. Rbc3 h5 31. Qd6 Qxf5 32. Qxa6 Qb1+ 33. Rc1 Qd3 34. Rc8 1-0

[Event "Czech Open GM 2019"]
[Site "Pardubice"]
[Date "2019.07.25"]
[Round "7.52"]
[White "Kulon, Klaudia"]
[Black "Cholleti, Sahajasri"]
[Result "1-0"]
[WhiteElo "2331"]
[BlackElo "2223"]
[Annotator "NA"]
[PlyCount "91"]
[EventDate "2019.07.19"]
[EventType "swiss"]
[EventCountry "CZE"]
[SourceTitle "playchess.com"]
[Source "ChessBase"]
[SourceQuality "1"]

1. e4 c5 2. Nc3 d6 3. g3 Nc6 4. Bg2 g6 5. d3 Bg7 6. Be3 Rb8 7. Qd2 b5 8. Nge2 b4 9. Nd1 Nd4 10. O-O e6 11. Nc1 Ne7 12. c3 bxc3 13. bxc3 Ndc6 14. Bh6 O-O 15. Bxg7 Kxg7 16. Ne3 f5 17. exf5 exf5 18. Ne2 Be6 19. d4 Bf7 20. d5 Ne5 21. f4 Nd7 22. g4 fxg4 23. Ng3 Nf6 24. c4 Qb6 25. Rab1 Qxb1 26. Rxb1 Rxb1+ 27. Bf1 h5 28. Qc3 Be8 29. Ne4 Nf5 30. Nxf5+ gxf5 31. Nxd6 Bd7 32. Kg2 Rfb8 33. Bd3 R8b2+ 34. Bc2 Ba4 35. Nxf5+ Kf7 36. Nd6+ Kg7 37. Kg3 Bxc2 38. Ne8+ Kf7 39. Qxf6+ Kxe8 40. Qc6+ Kd8 41. Qxc5 Bd3 42. Qf8+ Kd7 43. c5 Bb5 44. Qf7+ Kd8 45. d6 Bd7 46. Qf8+ 1-0

[Event "Czech Open GM 2019"]
[Site "Pardubice"]
[Date "2019.07.26"]
[Round "8.1"]
[White "Simacek, Pavel"]
[Black "Skliarov, Viktor"]
[Result "1-0"]
[WhiteElo "2490"]
[BlackElo "2360"]
[Annotator "TA"]
[PlyCount "113"]
[EventDate "2019.07.19"]
[EventType "swiss"]
[EventCountry "CZE"]
[SourceTitle "playchess.com"]
[Source "ChessBase"]
[SourceQuality "1"]

1. e4 c5 2. Nf3 Nc6 3. d4 cxd4 4. Nxd4 Nf6 5. Nc3 e5 6. Ndb5 d6 7. Bg5 a6 8. Na3 b5 9. Nd5 Be7 10. Bxf6 Bxf6 11. c3 O-O 12. Nc2 Bg5 13. a4 bxa4 14. Rxa4 a5 15. Bc4 Rb8 16. b3 Kh8 17. Nce3 Ne7 18. Nxe7 Qxe7 19. Nd5 Qd8 20. O-O Bd7 21. Ra3 f5 22. exf5 Bxf5 23. Qe2 Be6 24. Rd1 Bh4 25. g3 Bg5 26. h4 Bxh4 27. gxh4 Qxh4 28. Ne3 Bxc4 29. bxc4 Rf6 30. Ng2 Qh3 31. Qe4 Rbf8 32. Rd3 Qh5 33. Ra2 Rh6 34. Ne1 Qh2+ 35. Kf1 Rhf6 36. Rf3 Qh1+ 37. Ke2 Qh5 38. Rxa5 h6 39. Ra8 Rxa8 40. Qxa8+ Kh7 41. Qe4+ Kg8 42. Kd3 Rf4 43. Qd5+ Kh8 44. Kd2 Qg4 45. Rxf4 Qxf4+ 46. Ke2 e4 47. Qh5 Kh7 48. Ng2 Qf6 49. Ne3 g6 50. Qg4 Qe5 51. Qd7+ Kh8 52. Nd5 Qh5+ 53. Ke1 Qh1+ 54. Kd2 h5 55. Qe8+ Kh7 56. Qf7+ Kh8 57. Qf8+ 1-0

[Event "Czech Open GM 2019"]
[Site "Pardubice"]
[Date "2019.07.26"]
[Round "8.1"]
[White "Kozak, Adam"]
[Black "Movsesian, Sergei"]
[Result "1/2-1/2"]
[WhiteElo "2475"]
[BlackElo "2649"]
[Annotator "TA"]
[PlyCount "31"]
[EventDate "2019.07.19"]
[EventType "swiss"]
[EventCountry "CZE"]
[SourceTitle "playchess.com"]
[Source "ChessBase"]
[SourceQuality "1"]

1. Nf3 d5 2. c4 e6 3. g3 Nf6 4. Bg2 dxc4 5. Qa4+ Bd7 6. Qxc4 c5 7. Ne5 Qc8 8. Qd3 Nc6 9. Nxd7 Nxd7 10. Nc3 Be7 11. O-O O-O 12. Qb5 a6 13. Qb3 Rb8 14. d3 Nd4 15. Qd1 Qc7 16. Be3 1/2-1/2

[Event "Czech Open GM 2019"]
[Site "Pardubice"]
[Date "2019.07.26"]
[Round "8.2"]
[White "Laznicka, Viktor"]
[Black "Martinez Alcantara, Jose Eduardo"]
[Result "1/2-1/2"]
[WhiteElo "2658"]
[BlackElo "2601"]
[Annotator "TA"]
[PlyCount "89"]
[EventDate "2019.07.19"]
[EventType "swiss"]
[EventCountry "CZE"]
[SourceTitle "playchess.com"]
[Source "ChessBase"]
[SourceQuality "1"]

1. c4 c5 2. Nf3 Nc6 3. Nc3 g6 4. e3 Nf6 5. d4 cxd4 6. exd4 d5 7. cxd5 Nxd5 8. Qb3 Nxc3 9. Bc4 e6 10. bxc3 Na5 11. Bb5+ Bd7 12. Qa4 Bc6 13. Rb1 Be7 14. Bxc6+ bxc6 15. O-O Qd5 16. Ne5 f6 17. Nd3 O-O 18. Nf4 Qf5 19. Bd2 Bd8 20. Rfe1 e5 21. Ne2 Qd3 22. Bh6 Re8 23. Ng3 Qc4 24. Rb4 Qxc3 25. Rc1 Qd3 26. Rxc6 exd4 27. Rc1 Re7 28. Rxd4 Qa6 29. Re4 Rb8 30. Rce1 Qc6 31. Qd1 Rxe4 32. Nxe4 Be7 33. h4 Rd8 34. Qe2 Qc4 35. Qf3 Qf7 36. Qe3 Nc6 37. a4 Nd4 38. Rd1 Nf5 39. Rxd8+ Bxd8 40. Qd3 Be7 41. Bd2 Qe6 42. g3 Kg7 43. Bc3 h6 44. a5 a6 45. Kh2 1/2-1/2

[Event "Czech Open GM 2019"]
[Site "Pardubice"]
[Date "2019.07.26"]
[Round "8.2"]
[White "Iliaguev, Nisim"]
[Black "Kraus, Tomas"]
[Result "1-0"]
[WhiteElo "2357"]
[BlackElo "2486"]
[Annotator "ChessBase"]
[PlyCount "133"]
[EventDate "2019.07.19"]
[EventType "swiss"]
[EventCountry "CZE"]
[SourceTitle "playchess.com"]
[Source "ChessBase"]
[SourceQuality "1"]

1. c4 c5 2. g3 Nf6 3. Bg2 Nc6 4. Nc3 e6 5. Nf3 d5 6. cxd5 Nxd5 7. O-O Be7 8. d4 O-O 9. e4 Nb6 10. d5 exd5 11. exd5 Nb4 12. Ne1 Nc4 13. a3 Na6 14. Nc2 Re8 15. Ne3 Nd6 16. Qc2 Bd7 17. Ne4 Nb5 18. d6 Bf8 19. Nd5 Nd4 20. Qd1 Re5 21. Ndc3 Bc6 22. Bf4 Rf5 23. b4 cxb4 24. axb4 Ne6 25. b5 Bxb5 26. Nxb5 Rxb5 27. Be3 Nac5 28. Bxc5 Nxc5 29. Qh5 Nxe4 30. Qxb5 Nxd6 31. Qb3 a6 32. Rab1 Rc8 33. Bxb7 Rb8 34. Qf3 Rxb7 35. Rxb7 Nxb7 36. Qxb7 a5 37. Qb5 Bb4 38. Rc1 g6 39. Qe5 Bf8 40. Qe4 Bb4 41. h4 Kg7 42. Kg2 h5 43. Rc6 Qe7 44. Qd4+ Kh7 45. Kh2 Qe8 46. Rc7 Kg8 47. Rd7 Bf8 48. Ra7 Qb5 49. Ra8 Qb4 50. Qd5 a4 51. Ra7 Be7 52. Qa8+ Kg7 53. Rxa4 Qd6 54. Qe4 Bf6 55. Kg2 Qe7 56. Qc6 Kh7 57. Re4 Qd8 58. Ra4 Qe7 59. Ra8 Bg7 60. Rb8 Qf6 61. Qd7 Qe5 62. Rb7 f5 63. Qc6 f4 64. Rb5 Qf6 65. Qxf6 Bxf6 66. Rb7+ Kh6 67. Rf7 1-0

[Event "Czech Open GM 2019"]
[Site "Pardubice"]
[Date "2019.07.26"]
[Round "8.3"]
[White "Lintchevski, Daniil"]
[Black "Van Foreest, Jorden"]
[Result "1/2-1/2"]
[WhiteElo "2534"]
[BlackElo "2612"]
[Annotator "TA"]
[PlyCount "28"]
[EventDate "2019.07.19"]
[EventType "swiss"]
[EventCountry "CZE"]
[SourceTitle "playchess.com"]
[Source "ChessBase"]
[SourceQuality "1"]

1. Nf3 c5 2. c4 Nf6 3. Nc3 Nc6 4. e3 e6 5. d4 d5 6. a3 dxc4 7. Bxc4 a6 8. O-O b5 9. Be2 Bb7 10. dxc5 Bxc5 11. Qxd8+ Rxd8 12. b4 Be7 13. Bb2 O-O 14. Rfd1 Rxd1+ 1/2-1/2

[Event "Czech Open GM 2019"]
[Site "Pardubice"]
[Date "2019.07.26"]
[Round "8.3"]
[White "Gutman, Gennadi"]
[Black "Ludvik, Tomas"]
[Result "1/2-1/2"]
[WhiteElo "2466"]
[BlackElo "2334"]
[Annotator "TA"]
[PlyCount "133"]
[EventDate "2019.07.19"]
[EventType "swiss"]
[EventCountry "CZE"]
[SourceTitle "playchess.com"]
[Source "ChessBase"]
[SourceQuality "1"]

1. d4 Nf6 2. Nf3 e6 3. c4 Bb4+ 4. Nc3 O-O 5. Bg5 d5 6. e3 Nbd7 7. cxd5 exd5 8. Bd3 c5 9. Qc2 Qa5 10. O-O c4 11. Bf5 g6 12. Bh3 Re8 13. Nd2 Kg7 14. Bh4 Bxc3 15. Qxc3 Qxc3 16. bxc3 b6 17. Rfb1 Ne4 18. Nxe4 Rxe4 19. Bg3 f5 20. Bc7 Bb7 21. g3 Bc6 22. Bg2 Re6 23. h3 Rc8 24. Bf4 Kf7 25. g4 Nf6 26. f3 Nd7 27. a4 a6 28. Kf2 Rce8 29. Bf1 Kf6 30. g5+ Kf7 31. Be2 Rc8 32. Bd1 Ree8 33. Bc2 Ra8 34. h4 b5 35. h5 Rg8 36. Rh1 Rh8 37. Ke2 Rhg8 38. Kd2 Nb6 39. Be5 bxa4 40. hxg6+ hxg6 41. Rh7+ Ke6 42. Rah1 a3 43. Ra1 a5 44. Rxa3 a4 45. Rh1 Ra7 46. Raa1 a3 47. Ra2 Nd7 48. Bg3 Ra6 49. Rha1 Rga8 50. Ke2 Nb6 51. Kd2 Nd7 52. Rh1 Rb6 53. Rh6 Nf8 54. Be5 Rb7 55. Rh8 Rh7 56. Rxh7 Nxh7 57. Bf4 Nf8 58. Kc1 Nd7 59. Bd1 Nb6 60. Bc7 Nc8 61. Kb1 Ra6 62. Ka1 Na7 63. Bg3 Nb5 64. Be1 Kf7 65. Rh2 Kg7 66. Bc2 Ra8 67. Rh4 1/2-1/2

[Event "Czech Open GM 2019"]
[Site "Pardubice"]
[Date "2019.07.26"]
[Round "8.4"]
[White "Deepan Chakkravarthy J."]
[Black "Krejci, Jan"]
[Result "1-0"]
[WhiteElo "2532"]
[BlackElo "2578"]
[Annotator "ChessBase"]
[PlyCount "90"]
[EventDate "2019.07.19"]
[EventType "swiss"]
[EventCountry "CZE"]
[SourceTitle "playchess.com"]
[Source "ChessBase"]
[SourceQuality "1"]

1. e4 e5 2. Nf3 Nc6 3. Bc4 Nf6 4. d3 Bc5 5. a4 O-O 6. O-O a6 7. c3 d5 8. exd5 Nxd5 9. Nbd2 Nb6 10. Ba2 Bf5 11. a5 Nd7 12. Ne4 Be7 13. Bd5 Nf6 14. Bxc6 bxc6 15. Nxe5 Qd5 16. Bf4 Nxe4 17. dxe4 Bxe4 18. Qa4 c5 19. f3 Bf5 20. Nc6 Bf6 21. Rad1 Bd3 22. Be5 Qc4 23. Qxc4 Bxc4 24. Bxf6 Bxf1 25. Bxg7 Kxg7 26. Kxf1 Rfe8 27. Rd5 Re6 28. Rxc5 Rae8 29. b4 Re1+ 30. Kf2 R1e2+ 31. Kg3 R8e6 32. Nd4 Rg6+ 33. Kf4 Rexg2 34. Nf5+ Kf8 35. Rxc7 Ke8 36. h4 Rf6 37. Ke5 Re6+ 38. Kf4 Rf6 39. Ke5 Re6+ 40. Kd5 Rf6 41. Nd4 Kd8 42. Ra7 Rgg6 43. Ke5 Rh6 44. h5 Ke8 45. Nf5 Re6+ 1-0

[Event "Czech Open GM 2019"]
[Site "Pardubice"]
[Date "2019.07.26"]
[Round "8.4"]
[White "Hemant, Sharma"]
[Black "Bagi, Mate"]
[Result "0-1"]
[WhiteElo "2355"]
[BlackElo "2459"]
[Annotator "ChessBase"]
[PlyCount "136"]
[EventDate "2019.07.19"]
[EventType "swiss"]
[EventCountry "CZE"]
[SourceTitle "playchess.com"]
[Source "ChessBase"]
[SourceQuality "1"]

1. e4 e5 2. Nf3 Nc6 3. Bb5 a6 4. Ba4 Nf6 5. O-O Be7 6. Re1 b5 7. Bb3 d6 8. c3 O-O 9. h3 Na5 10. Bc2 c5 11. d4 Nd7 12. Nbd2 exd4 13. cxd4 Nc6 14. d5 Nce5 15. Nxe5 Nxe5 16. a4 Rb8 17. axb5 axb5 18. f4 Ng6 19. Nf3 Bh4 20. Rf1 Bg3 21. f5 Ne5 22. f6 Qxf6 23. Nd4 Qe7 24. Ra3 Bh4 25. Nc6 Nxc6 26. dxc6 Bf6 27. Kh1 Be5 28. Bf4 Rb6 29. Bxe5 Qxe5 30. Ra7 Rxc6 31. Qd5 Qxd5 32. exd5 Ra6 33. Rc7 Ra2 34. Rb1 Rd8 35. Bb3 Ra8 36. Re1 Bd7 37. Re7 Be8 38. Bc2 Ra2 39. Bf5 Kf8 40. b3 Rf2 41. Bd3 Rb8 42. Ra7 Rb2 43. Bxh7 Rxb3 44. Kh2 Rb4 45. Kg3 Ra4 46. Rac7 Ra1 47. Kf2 Rba8 48. Bf5 R8a2+ 49. Kg3 Rf1 50. Bg4 Ra3+ 51. Kh4 Ra8 52. Rb7 b4 53. Rec7 Rf2 54. Kg3 Rf6 55. Bh5 Rf5 56. Bf3 Ba4 57. Bg4 Rf6 58. Bh5 g6 59. Bg4 Kg7 60. Be6 Rf8 61. Kh4 Bc2 62. g4 Be4 63. Rb6 Kg8 64. Rxd6 fxe6 65. Rdd7 g5+ 66. Kxg5 exd5 67. Rxc5 Rg6+ 68. Kh5 Rb6 0-1

[Event "Czech Open GM 2019"]
[Site "Pardubice"]
[Date "2019.07.26"]
[Round "8.5"]
[White "Warmerdam, Max"]
[Black "Stocek, Jiri"]
[Result "0-1"]
[WhiteElo "2480"]
[BlackElo "2556"]
[Annotator "ChessBase"]
[PlyCount "72"]
[EventDate "2019.07.19"]
[EventType "swiss"]
[EventCountry "CZE"]
[SourceTitle "playchess.com"]
[Source "ChessBase"]
[SourceQuality "1"]

1. e4 c5 2. Nf3 d6 3. Bb5+ Nd7 4. d4 Ngf6 5. Nc3 a6 6. Bxd7+ Nxd7 7. O-O e6 8. Bg5 Qc7 9. dxc5 Nxc5 10. a4 h6 11. Bh4 Nd7 12. Nd4 g5 13. Bg3 Ne5 14. f4 gxf4 15. Bxf4 Bd7 16. Kh1 Rg8 17. Qh5 O-O-O 18. Rad1 Be8 19. Qh3 Ng4 20. Rd3 Kb8 21. Rg3 Nf6 22. Rxg8 Nxg8 23. Qg3 Ne7 24. Nb3 Ng6 25. Be3 Ne5 26. a5 Nc4 27. Bg1 Nxa5 28. Nxa5 Qxa5 29. b4 Qc7 30. Qe3 b5 31. Ra1 Qb7 32. Ne2 Bc6 33. Ng3 d5 34. Ne2 d4 35. Nxd4 Bxe4 36. Nf3 Bxb4 0-1

[Event "Czech Open GM 2019"]
[Site "Pardubice"]
[Date "2019.07.26"]
[Round "8.5"]
[White "Haba, Petr"]
[Black "Nurkiewicz, Maciej"]
[Result "1/2-1/2"]
[WhiteElo "2458"]
[BlackElo "2334"]
[Annotator "TA"]
[PlyCount "64"]
[EventDate "2019.07.19"]
[EventType "swiss"]
[EventCountry "CZE"]
[SourceTitle "playchess.com"]
[Source "ChessBase"]
[SourceQuality "1"]

1. d4 Nf6 2. c4 c5 3. d5 b5 4. Nf3 d6 5. Qc2 Na6 6. a3 Nc7 7. e4 bxc4 8. Bxc4 g6 9. O-O Bg7 10. h3 O-O 11. Nc3 e6 12. dxe6 Bxe6 13. Bxe6 Nxe6 14. Rd1 Qe7 15. Be3 Rfd8 16. Rab1 Rab8 17. Qa4 Qb7 18. Qc4 Rd7 19. b3 Rbd8 20. Nd5 Rb8 21. Nxf6+ Bxf6 22. Rd3 Qb5 23. Rbd1 Rdb7 24. Qd5 Qa6 25. a4 Rb6 26. Nd2 Qb7 27. a5 Rb5 28. Nc4 Rxb3 29. Rxb3 Qxb3 30. Nxd6 Bd4 31. Qxb3 Rxb3 32. Nc4 Kf8 1/2-1/2

[Event "Czech Open GM 2019"]
[Site "Pardubice"]
[Date "2019.07.26"]
[Round "8.6"]
[White "Babula, Vlastimil"]
[Black "Gagare, Shardul"]
[Result "1-0"]
[WhiteElo "2550"]
[BlackElo "2476"]
[Annotator "ChessBase"]
[PlyCount "133"]
[EventDate "2019.07.19"]
[EventType "swiss"]
[EventCountry "CZE"]
[SourceTitle "playchess.com"]
[Source "ChessBase"]
[SourceQuality "1"]

1. d4 d5 2. c4 c6 3. Nf3 Nf6 4. Nc3 e6 5. e3 Nbd7 6. Qc2 Bd6 7. Be2 O-O 8. O-O dxc4 9. Bxc4 e5 10. h3 h6 11. Rd1 Qc7 12. a3 Kh8 13. Ba2 exd4 14. Nxd4 Nb6 15. e4 Re8 16. Be3 Bh2+ 17. Kh1 Be5 18. Rac1 Nh5 19. Nd5 Nxd5 20. exd5 Qe7 21. dxc6 Bg4 22. Nf5 Bxf5 23. Qxf5 Nf6 24. b4 bxc6 25. Rxc6 Rad8 26. Re1 Bb8 27. Rec1 Rd6 28. Rc8 Rdd8 29. Rxd8 Rxd8 30. Rc8 g6 31. Rxd8+ Qxd8 32. Qf3 Kg7 33. g3 Qd7 34. Bxh6+ Kxh6 35. Qxf6 Bxg3 36. Kg2 Bc7 37. Bxf7 Qd6 38. Qxd6 Bxd6 39. Kf3 Kg7 40. Be8 g5 41. Ke4 Kf6 42. Kd5 Bf4 43. Kc6 Bc1 44. a4 Bd2 45. b5 Ba5 46. f3 Ke7 47. Bd7 Bd8 48. Bc8 Ba5 49. Bf5 Bb6 50. Bg4 Ba5 51. Kb7 Bb6 52. Ka6 Kd6 53. a5 Be3 54. Kb7 Bd4 55. Bf5 Ke5 56. Be4 Kd6 57. Bd3 Ke5 58. b6 axb6 59. a6 b5 60. Bxb5 Kf4 61. Bc6 Kg3 62. a7 Bxa7 63. Kxa7 Kxh3 64. Bd7+ Kg3 65. Bg4 Kf4 66. Kb6 Ke5 67. Kc5 1-0

[Event "Czech Open GM 2019"]
[Site "Pardubice"]
[Date "2019.07.26"]
[Round "8.6"]
[White "Cerveny, Petr"]
[Black "Abdumalik, Zhansaya"]
[Result "0-1"]
[WhiteElo "2333"]
[BlackElo "2458"]
[Annotator "ChessBase"]
[PlyCount "82"]
[EventDate "2019.07.19"]
[EventType "swiss"]
[EventCountry "CZE"]
[SourceTitle "playchess.com"]
[Source "ChessBase"]
[SourceQuality "1"]

1. e4 e5 2. Nf3 Nc6 3. Bc4 Nf6 4. Ng5 d5 5. exd5 Na5 6. Bb5+ c6 7. dxc6 bxc6 8. Be2 Be7 9. d3 Nd5 10. Nf3 f6 11. O-O O-O 12. Nc3 Rb8 13. a3 c5 14. Nxd5 Qxd5 15. Bd2 Nc6 16. c4 Qd8 17. Bc3 a5 18. Re1 Be6 19. Bf1 Rb7 20. g3 Qc8 21. Bg2 Rd8 22. Qa4 Rb6 23. Rad1 Bd7 24. Qc2 Bg4 25. Rd2 Bf8 26. h4 Be6 27. Qd1 g6 28. h5 Bh6 29. hxg6 hxg6 30. Nh4 Bxd2 31. Qxd2 Bf7 32. Qh6 Qg4 33. Bf3 Qh3 34. Be4 Nd4 35. Bxd4 Rxd4 36. Bxg6 Bxg6 37. Qxg6+ Kf8 38. Nf5 Rg4 39. Qh6+ Qxh6 40. Nxh6 Rg5 41. Kg2 Kg7 0-1